<?xml version="1.0" encoding="UTF-8"?>
<record
    xmlns:xsi="http://www.w3.org/2001/XMLSchema-instance"
    xsi:schemaLocation="http://www.loc.gov/MARC21/slim http://www.loc.gov/standards/marcxml/schema/MARC21slim.xsd"
    xmlns="http://www.loc.gov/MARC21/slim">

  <leader>01056    a2200193   4500</leader>
  <controlfield tag="001">54231</controlfield>
  <controlfield tag="005">20260407155813.0</controlfield>
  <controlfield tag="008">260407a1970    arg                 spa d</controlfield>
  <controlfield tag="003">AR-UNSa-BCEJYS</controlfield>
  <datafield tag="040" ind1=" " ind2=" ">
    <subfield code="a">AR-UNSa-BCEJYS</subfield>
    <subfield code="b">spa</subfield>
    <subfield code="c">AR-UNSa-BCEJYS</subfield>
  </datafield>
  <datafield tag="080" ind1=" " ind2=" ">
    <subfield code="a">330.1</subfield>
    <subfield code="x">Ciencia econ&#xF3;mica. Conceptos fundamentales de teor&#xED;a econ&#xF3;mica. Valor. Capital. Fondos</subfield>
  </datafield>
  <datafield tag="245" ind1="1" ind2="0">
    <subfield code="a">Ensayos cr&#xED;ticos sobre teor&#xED;a monetaria</subfield>
  </datafield>
  <datafield tag="264" ind1=" " ind2="1">
    <subfield code="a">Barcelona :</subfield>
    <subfield code="b">Ariel</subfield>
    <subfield code="c">1970</subfield>
  </datafield>
  <datafield tag="300" ind1=" " ind2=" ">
    <subfield code="a">254 p.</subfield>
    <subfield code="c">19 cm.</subfield>
  </datafield>
  <datafield tag="505" ind1=" " ind2=" ">
    <subfield code="a">1. Las dos tr&#xED;adas-Lecci&#xF3;n I - 2.  Las dos tr&#xED;adas-Lecci&#xF3;n II - 3.  Las dos tr&#xED;adas-Lecci&#xF3;n III - 4. Una sugerncia para simplificar la Teor&#xED;a monetaria(1935) - 5. El rendimiento de los "Consols" - 6. La teor&#xED;a pura de la selecci&#xF3;n del portfolio - 7. Keynes y los "cl&#xE1;sicos" - 8. Otra vez los "cl&#xE1;sicos" - 9. La teor&#xED;a monetaria y la historia:intento de perspectiva - 10. El Paper Credit de Thorton(1802) - 11. sobre el Treatise - 12. El asunto hayek</subfield>
  </datafield>
  <datafield tag="942" ind1=" " ind2=" ">
    <subfield code="c">BK</subfield>
  </datafield>
  <datafield tag="590" ind1=" " ind2=" ">
    <subfield code="a">niveau_biblio:m niveau_hierar:0</subfield>
  </datafield>
  <datafield tag="100" ind1="1" ind2=" ">
    <subfield code="a">Hicks, John Richard</subfield>
  </datafield>
  <datafield tag="999" ind1=" " ind2=" ">
    <subfield code="c">5402</subfield>
    <subfield code="d">5402</subfield>
  </datafield>
  <datafield tag="952" ind1=" " ind2=" ">
    <subfield code="0">0</subfield>
    <subfield code="1">0</subfield>
    <subfield code="4">0</subfield>
    <subfield code="7">0</subfield>
    <subfield code="a">BCEJYS</subfield>
    <subfield code="b">BCEJYS</subfield>
    <subfield code="c">16</subfield>
    <subfield code="d">2026-04-07</subfield>
    <subfield code="l">0</subfield>
    <subfield code="o">330.1 H631n</subfield>
    <subfield code="p">L23388</subfield>
    <subfield code="r">2026-04-07 15:58:13</subfield>
    <subfield code="w">2026-04-07</subfield>
    <subfield code="y">L</subfield>
  </datafield>
</record>
